000 01603cam a22003857a 4500
001 1410
005 20231124151013.0
020 _a0807527386
020 _a9780807527399
040 _aOEM
_cOEM
_dBAKER
_dXY4
_dOCLCQ
_dOCLCA
_dDLC
_beng
050 0 0 _aPZ7.W244
_bGam 2005
082 0 0 _a813
100 1 _aWarner, Gertrude Chandler
_d1890-1979
245 1 4 _aThe game store mystery /
_c by Gertrude Chandler Warner ; illustrated by Robert Papp.
260 _aMorton Grove :
_bAlbert Whitman and Company
_c2005
300 _a131 pages :
_billustrations ;
_c20 cm
490 1 _aThe boxcar children
_vBook 104
505 _aO
520 _aWhen a new store called The Game Spot opens in their town, the Aldens are thrilled. But it's not fun and games when the other shops at Crossroads Mall are robbed. What's more, letters are disappearing from the sign in front of the shopping center! It all seems to spell a new mystery for the Boxcar Children . . .
521 _a630
_bLexile
521 _aO
_bRaz-Plus
650 0 _aBoxcar children (Fictitious characters)
_vJuvenile fiction.
650 0 _aBrothers and sisters
_vJuvenile fiction.
650 0 _aBurglary
_vJuvenile fiction.
650 0 _aOrphans
_vJuvenile fiction.
650 0 _aDetective and mystery stories.
650 1 _aBrothers and sisters
_vFiction.
650 1 _aBurglary
_vFiction.
650 1 _aOrphans
_vFiction.
650 1 _aMystery and detective stories.
655 7 _aMystery fiction.
_2gsafd
700 1 _aPapp, Robert
_eillustrator
906 _a7
_bcbc
_ccopycat
_d2
_encip
_f20
_gy-gencatlg
942 _2ddc
_cBK
_n0
999 _c1410
_d1410